Studies on effluents from NR production in Malaysia (Record no. 43419)

MARC details
000 -LEADER
fixed length control field 00276nam a2200109Ia 4500
100 ## - MAIN ENTRY--AUTHOR NAME
Personal name Chin, P S
245 #0 - TITLE STATEMENT
Title Studies on effluents from NR production in Malaysia
260 ## - PUBLICATION, DISTRIBUTION, ETC. (IMPRINT)
Place of publication UNIDO
Year of publication 1975
700 ## - ADDED ENTRY--PERSONAL NAME
Personal name John, C K
942 ## - ADDED ENTRY ELEMENTS (KOHA)
Koha item type Books
Holdings
Withdrawn status Lost status Damaged status Not for loan Home library Current library Date acquired Source of acquisition Accession Number Koha item type
        RRII Library RRII Library 16/12/2021 Gift G00141 Books